| 000 | 02045cam a22002654a 4500 | ||
|---|---|---|---|
| 005 | 20200104041542.0 | ||
| 008 | 020227s2002 dcuad r 001 0 eng | ||
| 020 | _a1559639369 | ||
| 020 | _a1559639377 | ||
| 040 |
_aDLC _cDLC _dDLC _dCO-BoIAVH |
||
| 041 | 0 | _aeng | |
| 044 | _axxu | ||
| 082 | 0 | 0 |
_a333.95415 _bM87w |
| 100 | 1 |
_aMorrison, Michael L. _eautor |
|
| 245 | 1 | 0 |
_aWildlife restoration : _btechniques for habitat analysis and animal monitoring / _cMichael L. Morrison ; foreword by Paul R. Krausman. |
| 260 |
_aWashington, DC : _bIsland Press, _cc2002. |
||
| 300 |
_axix, 209 páginas : _bilustraciones, gráficas y tablas ; _c24 x 15 cm. |
||
| 504 | _aIncluye referencias bibliográficas e índice. | ||
| 505 | 0 | _a Introduction -- 1. Populations -- Population Concepts and Habitat Restoration -- Three Roads to Recovery: Breeding, Reintroduction, and Translocation -- Lessons -- 2. Habitat -- Definitions -- When to Measure -- What to Measure -- How to Measure -- Lessons -- 3. Historic Assessments -- Background -- Techniques -- Case Studies -- Lessons -- 4. A Primer on Study Design -- Scientific Methods -- Monitoring as Research -- Principles of Study Design -- Experimental Design -- Lessons -- 5. Fundamentals of Monitoring -- Definitions -- Inventory -- Monitoring -- Sampling Considerations -- Adaptive Management -- Thresholds and Trigger Points -- Lessons -- 6. Sampling Methods -- Principles -- Amphibians and Reptiles -- Birds -- Mammals -- Lessons -- 7. Designing a Reserve -- Selecting a Site -- Corridors -- Buffers -- Isolation -- Fragmentation -- Are Isolation and Fragmentation Always Bad? -- The Value of Remnant Patches -- Lessons -- 8. Wildlife Restoration: A Synthesis -- Major Messages -- Developing a Restoration Plan -- Information Gaps -- Working with Wildlife Scientists and Managers -- Lessons. | |
| 650 | 2 | 4 | _aRestauración ecológica |
| 650 | 2 | 6 | _aHabitat |
| 650 | 2 | 6 | _aOrdenación de la vida silvestre |
| 650 | 2 | 6 | _aConservación de la naturaleza |
| 942 |
_2ddc _cLIBRO |
||
| 999 |
_c3735 _d3735 |
||